000 00987cam a2200301 i 4500
001 bg
003 KOSZ 005
005 20220607134549.0
008 000614s2000 pl |000 0 pol
015 _aPB 2000/11763
020 _a8391147576
040 _aWA N
_cKOSZ 005/HR
041 1 _apol
_heng
080 _a316.77
080 _a316.47
100 1 _aTierney, Elizabeth P.
245 1 0 _aDoskonalenie międzyludzkiej komunikacji na 101 sposobów /
_cElizabeth Tierney ; tł. Marek Gasiński.
246 1 _iTyt. oryg.:
_a101 ways to better communication,
_f1998.
260 _aKraków :
_b"IFC Press",
_c2000.
300 _a137 s. ;
_c21 cm.
490 1 _a101 Sposobów.
655 4 _aWydawnictwa popularne
650 4 _aKomunikacja społeczna
700 1 _aGasiński, Marek.
_eTł.
856 _uhttp://koha.tu.koszalin.pl/cgi-bin/koha/opac-detail.pl?biblionumber=37302
_yKatalog online BPK
830 0 _a101 Sposobów
942 _2UKD
_cKS
999 _c37302
_d37302